| 000 | 00445nam a2200145Ia 4500 | ||
|---|---|---|---|
| 008 | 231129s1996||||xx |||||||||||||| ||spa|| | ||
| 020 | _a84-255-0926-2 | ||
| 040 | _bspa | ||
| 082 | _a636.7083 W341c | ||
| 100 | _aWatson Miller | ||
| 245 | 0 | _aComo educar nuestro perro: en el hogar en la calle y en las exposiciones | |
| 260 | _c1996 | ||
| 264 | _aBarcelona (EspaƱa) : Hispano Europea | ||
| 942 |
_2ddc _cBKS |
||
| 999 |
_c7501 _d7501 |
||